00259nam a2200121Ia 45000030006000000080041000060400015000471000024000622450013000862600009000995460012001080050017001200STCL150530s9999 xx 000 0 und d aSTCLcSTCL aChesterton, G.K; Ed aHeretics c1905 aEnglish20220125165334.0